Name the most common mammals - Statistics

General Stats
  • This quiz has been taken 17 times
  • The average score is 53 of 106
Answer Stats
Picture Answer % Correct
African lion
92%
African elephant
85%
Armadillo
85%
Beaver
85%
Black bear
85%
Black rhinoceros
85%
Bottlenose dolphin
85%
Brown bear
85%
Chimpanzee
85%
Aardvark
77%
Arctic fox
77%
Arctic hare
77%
Baboon
77%
Beluga whale
77%
Bengal tiger
77%
Blue whale
77%
Bobcat
77%
Chipmunk
77%
Cougar
77%
Cheetah
69%
Domestic cat
69%
Domestic dog
69%
Elk
69%
Arabian camel
62%
Asian elephant
62%
Giant panda
62%
Giraffe
62%
Humpback whale
62%
Asiatic lion
54%
Aye - aye
54%
Coyote
54%
Dingo
54%
Dugong
54%
Fennec fox
54%
Giant anteater
54%
Giant river otter
54%
Hare
54%
Hedgehog
54%
Hippopotamus
54%
Horse
54%
Killer whale
54%
Koala
54%
Llama
54%
Meerkat
54%
Narwhal
54%
Orangutan
54%
Polar bear
54%
Raccoon
54%
Red panda
54%
Ring tailed lemur
54%
Skunk
54%
Sun bear
54%
African wild dog
46%
Black - footed ferret
46%
Caribou
46%
Elephant seal
46%
Grizzly bear
46%
Impala
46%
Jaguar
46%
Leopard
46%
Lynx
46%
Opossum
46%
Platypus
46%
Porcupine
46%
Siberian tiger
46%
sperm whale
46%
Squirrel
46%
Three toed sloth
46%
Wallaby
46%
Walrus
46%
Zebra
46%
Fossa
38%
Gibbon
38%
Golden lion tamarin
38%
Gray whale
38%
Harbour porpoise
38%
Ibex
38%
Sloth bear
38%
Warthog
38%
White rhinoceros
38%
Clouded leopard
31%
Fur seal
31%
Gelada
31%
Groundhog
31%
Mandrill
31%
Ocelot
31%
Prairie dog
31%
Snow leopard
31%
Spider monkey
31%
Sumatran tiger
31%
Tapir
31%
Tasmanian devil
31%
Water buffalo
31%
Wildebeest
31%
Wolf
31%
Wolverine
31%
Cottontail rabbit
23%
Harp seal
23%
Howler monkey
23%
Leopard seal
23%
Mongoose
23%
Mountain gorilla
23%
Pronghorn
23%
Rhesus monkey
23%
Spotted hyena
15%
Sumatran rhinoceros
15%
No matching quizzes found
Score Distribution
Percent of People with Each Score
Percentile by Number Answered
Your Score History
You have not taken this quiz